| 000 | 00000cam 2200000zi 4500 |
| 001 | 9.963126 |
| 003 | CaOODSP |
| 005 | 20260528073726 |
| 006 | m o d f |
| 007 | cr bn||||||||| |
| 008 | 260527e201209##onc ob f000 0 fre d |
| 020 | |z9781100164687 |q(incorrect) |
| 040 | |aCaOODSP|bfre|erda|cCaOODSP |
| 043 | |an-cn--- |
| 086 | 1 |aT52-4/308-2012F-PDF|zT52-4/55-2010F-PDF |
| 245 | 00|aGuide d'étude et de référence pour les examens écrits pour la qualification d'instructeur de vol : |bavion ultra-léger. |
| 250 | |aPremière édition. |
| 264 | 1|a[Ottawa] : |bTransports Canada = Transport Canada, |cseptembre 2012. |
| 264 | 4|c©1977 |
| 300 | |a1 ressource en ligne (8 pages) |
| 336 | |atexte|btxt|2rdacontent/fre |
| 337 | |ainformatique|bc|2rdamedia/fre |
| 338 | |aressource en ligne|bcr|2rdacarrier/fre |
| 500 | |aPublié aussi en anglais sous le titre : Study and reference guide for written examinations for the flight instructor rating: ultra-light aeroplane. |
| 500 | |aLe numéro de catalogue (T52-4/55-2010F-PDF) et l'ISBN (9781100164687) imprimés dans cette publication sont incorrects. |
| 500 | |a« TP 15210F (09/2012). » |
| 500 | |a« TC-1004944 » -- Verso de la couverture. |
| 504 | |aComprend des références bibliographiques. |
| 650 | 6|aUltra-légers motorisés|xPilotage|zCanada|xExamens|vGuides de l'étudiant. |
| 650 | 6|aVol|xInstruction|zCanada|xExamens|vGuides de l'étudiant. |
| 655 | 7|aGuides de l'étudiant|2rvmgf |
| 710 | 1 |aCanada. |bTransports Canada, |eorganisme de publication. |
| 775 | 08|tStudy and reference guide for written examinations for the flight instructor rating : |w(CaOODSP)9.961827 |
| 856 | 40|qPDF|s53.60 Ko|uhttps://publications.gc.ca/collections/collection_2026/tc/T52-4-308-2012-fra.pdf |
| 856 | 4 |qHTML|sS.O.|uhttps://tc.canada.ca/fr/aviation/publications/guide-etude-reference-examens-ecrits-qualification-instructeur-vol-avion-ultra-leger-tp-15210 |
| 986 | |aTP 15210F |
| 986 | |aTC-1004944 |